Cultura española #2 - Estadísticas

Estadísticas generales
  • Esta prueba ha sido intentada 364 veces
  • La puntuación promedio es 7 de 15
Estadísticas de respuestas
Pregunta Respuesta % Correcto
«¡Váyase, señor Cuesta, váyase!», «¡Qué follón!», «¡Qué mona va esta chica siempre!»... ¿De qué serie son típicas estas frases? Aquí no hay quien viva
83%
«Haré todo lo que pueda y un poco más de lo que pueda si es que eso es posible, y haré todo lo posible e incluso lo imposible si también lo imposible es posible». ¿Quién es el autor de esta frase? Mariano Rajoy
76%
¿Quién popularizó «Antes muerta que sencilla», el éxito ganador de Eurovisión Junior 2004? María Isabel
74%
¿Qué famoso cantante español fue detenido en 2007 por provocar un altercado en un avión? Melendi
53%
¿A qué presidente no español mandó callar el rey emérito Juan Carlos I en la XVII Cumbre Iberoamericana (2007)? Hugo Chávez
47%
¿Quién ha sustituido a Amaia Montero como vocalista del grupo La Oreja de Van Gogh? Leire Martínez
47%
«—¿Abril? —Cerral.» ¿Qué actriz española cada año teme que llegue el mes de abril? Elena Furiase
46%
¿Cuál es la película española más taquillera de la historia? Ocho apellidos vascos
44%
¿Quién fue el primer presentador del programa Art Attack en España? Jordi Cruz
42%
¿De qué ciudad era la famosa señora de Callejeros a la que una vecina suya le «tira orines y la llama "puta, puta, puta", sin ser yo nada de eso»? Valencia
41%
¿Qué exentrenador del Real Madrid se preguntaba por qué los Sugus de piña son de color azul? José Mourinho
38%
¿A qué mítico personaje literario dio vida la escritora Elvira Lindo en la década de los noventa? Manolito Gafotas
36%
¿Cómo se llamaba el programa del corazón presentado por Jorge Javier Vázquez y Carmen Alcayde? Aquí hay tomate
31%
¿Cómo sigue este refrán: «Uvas y queso...»? Saben a beso
27%
¿En qué ciudad aragonesa se encuentra el popular Ecce homo «restaurado» por Cecilia Jiménez Zuco? Borja
18%
No se encontraron pruebas coincidentes
Distribución de puntuación
Porcentaje de gente con cada puntuación
Porcentaje por número respondido
Historial de tus puntuaciones
No has intentado esta prueba.